The gazetteers.net web application: a tool for harvesting digital gazetteers
| Titel: | The gazetteers.net web application: a tool for harvesting digital gazetteers : summary / submitted by Germany ; prepared by Ihor Doroshenko, Christian Lotz, Dariusz Gierczak and Francis Harvey (Germany), Herder Institute for Historical Research on East Central Europe and Institute for Regional Geography |
|---|---|
| Beteiligt: | ; ; ; |
| Körperschaft: | |
| Veröffentlicht: | [New York] : UN, 10 March 2023 |
| Umfang: | 6, 16 ungezählte Seiten : Karte, Diagramme |
| Format: | Buch |
| Sprache: | Englisch |
| Schriftenreihe/ mehrbändiges Werk: |
GEGN.2_2023_76_CRP.76 |
| Hinweise zum Inhalt: |
Volltext
|
X
alg: 51414056 001A $03004:18-12-23 001B $01999:18-12-23 $t22:32:45.000 001D $03004:18-12-23 001U $0utf8 001X $00 002@ $0Aau 002C $aText $btxt $2rdacontent 002D $aohne Hilfsmittel zu benutzen $bn $2rdamedia 002E $aBand $bnc $2rdacarrier 003@ $0514140569 003O $01414538588 $aOCoLC 007A $0514140569 $aHEB 009P $A2 $3Volltext $uhttps://digitallibrary.un.org/record/4018334 010@ $aeng 010E $erda 011@ $a2023 $n10 March 2023 021A $aThe @gazetteers.net web application: a tool for harvesting digital gazetteers $dsummary $hsubmitted by Germany ; prepared by Ihor Doroshenko, Christian Lotz, Dariusz Gierczak and Francis Harvey (Germany), Herder Institute for Historical Research on East Central Europe and Institute for Regional Geography 028C $BMitwirkender $4ctb $8Doroshenko, Ihor [Tp4] $9480597200 028C $BMitwirkender $#Lotz, C. $4ctb $7122754182 $8Lotz, Christian$Z1976- [Tp1] $9153843411 028C $BMitwirkender $4ctb $71166709728 $8Gierczak, Dariusz$Z1972- [Tp3] $9436526069 028C $BMitwirkender $#Harvey, Francis James $#Harvey, Francis J. $4ctb $7173720978 $8Harvey, Francis [Tp3] $9297890808 029F $BZusammenstellender $RDeutsches Sprachgebiet $RDeutschland $RDeutschland $#Deutsche Länder $#Germany Deutschland $#Heiliges Römisches Reich $#Rheinbund $#Deutscher Bund $#Norddeutscher Bund $#Deutsches Reich $#Deutschland Gebiet unter Alliierter Besatzung $#Deutschland Bundesrepublik, 1990- $#BRD 1990- $#Federal Republic of Germany Deutschland $#Republic of Germany Deutschland $#Allemagne Deutschland $#Ǧumhūrīyat Almāniyā al-Ittiḥādīya $#Bundesrepublik Deutschland 1990- $#BRD $#Niemcy $#République Fédérale d'Allemagne Deutschland $#Repubblica Federale di Germania Deutschland $#Germanija $#Federativnaja Respublika Germanija $#FRG $#Deyizhi-Lianbang-Gongheguo $4com $74011882-4 $8Deutschland [Tg1] $9085025550 033A $p[New York] $nUN 034D $a6, 16 ungezählte Seiten 034M $aKarte, Diagramme 036E $aGEGN.2_2023_76_CRP.76 044K $RGeografischer Name $#Toponymy $#Toponymie $#Ortsname $#Historischer Ortsname $#Siedlungsname $#Toponym $#Toponymikon $#Ortsnamen $74043950-1 $8Ortsname [Ts1] $9085122882 044K $RVereinheitlichung $#Standardization $#Normes $#Standardizzazione $#Standardisierung $#Standardisierung $74056914-7 $8Standardisierung [Ts1] $9085158496 045F $a910.9181090513 $eDDC23BSB 045F/01 $a910 045F/03 $f090513 045F/03 $g181 046L $aMit Zusammenfassung in Arabisch, Chinesisch, Englisch, Französisch, Russisch und Spanisch lok: 51414056 24 exp: 51414056 24 1 #EPN 201B/01 $018-12-23 $t09:41:13.000 201C/01 $018-12-23 201U/01 $0utf8 203@/01 $01252331797 208@/01 $a18-12-23 $bz 209A/01 $aK 1 II F 2 - 4° $dd $f050 $hK 1 2 F 2 $x00 209C/01 $aK 2023.00518 G $h23 00518 G 220C/01 $awei 247C/01 $8358050-7Marburg, Bibliothek des Herder-Instituts Marburg $9102600961 lok: 51414056 78 exp: 51414056 78 1 #EPN 201B/01 $012-11-25 $t12:37:33.000 201C/01 $012-11-25 201U/01 $0utf8 203@/01 $01322410062 208@/01 $a12-11-25 $be 209A/01 $a/ $f000 $x00 209A/01 $ab*p $x01 220C/01 $apgar 244Z/01 $#Ostmitteleuropa $#Ostmitteleuropa $#Mitteleuropa, Ost $#Central Europe Ostmitteleuropa $#Mittelosteuropa $74075753-5 $8--Tg1--Ostmitteleuropa $x05 $9085214485 247C/01 $82080>Marburg/Lahn, Herder-Institut, Forschungsbibliothek, Bibliographieportal $9336309341
| LEADER | 00000cam a2200000 c 4500 | ||
|---|---|---|---|
| 001 | 514140569 | ||
| 003 | DE-603 | ||
| 005 | 20231218223245.0 | ||
| 007 | tu | ||
| 008 | 231218s2023 xx |||| | u00||u|eng c | ||
| 035 | |a (DE-599)HEB514140569 | ||
| 035 | |a (OCoLC)1414538588 | ||
| 040 | |a DE-603 |b ger |c DE-603 |d DE-603 |e rda | ||
| 041 | |a eng | ||
| 082 | 0 | 4 | |8 1\u |a 910.9181090513 |q DE-101 |2 23/BSB |
| 085 | |8 1\u |b 910 | ||
| 085 | |8 1\u |z 1 |s 090513 | ||
| 085 | |8 1\u |z 2 |s 181 | ||
| 245 | 0 | 0 | |a The gazetteers.net web application: a tool for harvesting digital gazetteers |b summary |c submitted by Germany ; prepared by Ihor Doroshenko, Christian Lotz, Dariusz Gierczak and Francis Harvey (Germany), Herder Institute for Historical Research on East Central Europe and Institute for Regional Geography |
| 264 | 1 | |a [New York] |b UN |c 10 March 2023 | |
| 300 | |a 6, 16 ungezählte Seiten |b Karte, Diagramme | ||
| 336 | |a Text |b txt |2 rdacontent | ||
| 337 | |a ohne Hilfsmittel zu benutzen |b n |2 rdamedia | ||
| 338 | |a Band |b nc |2 rdacarrier | ||
| 490 | 0 | |a GEGN.2_2023_76_CRP.76 | |
| 546 | |a Mit Zusammenfassung in Arabisch, Chinesisch, Englisch, Französisch, Russisch und Spanisch | ||
| 650 | 7 | |a Ortsname |0 (DE-588)4043950-1 |0 (DE-603)085122882 |2 gnd | |
| 650 | 7 | |a Standardisierung |0 (DE-588)4056914-7 |0 (DE-603)085158496 |2 gnd | |
| 700 | 1 | |a Doroshenko, Ihor |e Mitwirkender |4 ctb |0 (DE-603)480597200 |0 (DE-588)123588936X |2 gnd | |
| 700 | 1 | |a Lotz, Christian |d 1976- |e Mitwirkender |4 ctb |0 (DE-603)153843411 |0 (DE-588)122754182 |2 gnd | |
| 700 | 1 | |a Gierczak, Dariusz |d 1972- |e Mitwirkender |4 ctb |0 (DE-603)436526069 |0 (DE-588)1166709728 |2 gnd | |
| 700 | 1 | |a Harvey, Francis |e Mitwirkender |4 ctb |0 (DE-603)297890808 |0 (DE-588)173720978 |2 gnd | |
| 710 | 1 | |a Deutschland |e Zusammenstellender |4 com |0 (DE-603)085025550 |0 (DE-588)4011882-4 |2 gnd | |
| 856 | 4 | 2 | |u https://digitallibrary.un.org/record/4018334 |3 Volltext |
| 924 | 0 | |9 Mb 50 |a (DE-603)1252331797 |b DE-Mb50 |c HES |d d |g K 1 II F 2 - 4° | |
| 924 | 0 | |9 2080 |a (DE-603)1322410062 |b DE-2080 |c HES |d d |g / | |


